| 000 | 00610nam a22001937a 4500 | ||
|---|---|---|---|
| 005 | 20170713114342.0 | ||
| 010 | _aENG-119168 | ||
| 020 |
_a9788175418028 _c250.00 |
||
| 035 | _aEN-102700 | ||
| 037 | _bDBAD/PUB | ||
| 082 | _a371.102 | ||
| 100 | _aHay, Richard | ||
| 245 |
_aProfessionalization of teachers and institute / _cby Richard Hay |
||
| 260 |
_aDelhi _bShipra Publications _c2015 |
||
| 270 |
_aLG-18-19,Pankaj Central Market,I.P.Ext. Patparganj _bDelhi _e110092 |
||
| 300 |
_axviii,245p. _c23cm(pbk) |
||
| 500 | _aIncludes references and index | ||
| 942 |
_2ddc _cEN _h371.102 _mHAY |
||
| 999 |
_c142519 _d142519 |
||